Largest Geography #2 - Statistics

General Stats
  • This quiz has been taken 84 times
  • The average score is 19 of 45
Answer Stats
Hint Answer % Correct
Highest Mountain Mt Fuji
97%
Biggest City Tokyo
97%
Biggest City Mexico City
94%
Biggest City Berlin
92%
Biggest City Auckland
91%
Biggest City Jakarta
90%
Biggest City Rome
86%
Largest Island Honshu
85%
Biggest City Ho Chi Minh City
84%
Highest Mountain Kilimanjaro
80%
Biggest City Karachi
78%
Biggest City Dar es Salaam
76%
Largest Island South Island
75%
Largest Island Sicily
73%
Highest Mountain K2
72%
Longest River Danube
67%
Largest Island Zanzibar
65%
Longest River Mekong
63%
Longest River Po
61%
Longest River Indus River
59%
Longest River Rio Grande
48%
Highest Mountain Mt Cook
47%
Largest Island New Guinea
43%
Highest Mountain Mont Blanc
42%
Highest Mountain Zugspitze
29%
Highest Mountain Puncak Jaya
15%
Tallest Building Commerzbank Tower
9%
Longest River Waikato River
9%
Largest Island Phu Quoc
8%
Highest Mountain Fansipan
6%
Highest Mountain Pico de Orizaba
6%
Largest Island Ruegen
6%
Tallest Building PSPF Commercial Tower
4%
Tallest Building Abeno Harukas
3%
Tallest Building Keangnam Hanoi Landmark Tower
3%
Largest Island Astola
1%
Tallest Building Cemindo Tower
1%
Longest River Kapuas River
1%
Tallest Building Metropolis
1%
Longest River Ruvuma River
1%
Largest Island TIburon Island
1%
Tallest Building Torre BBVA Bancomer
1%
Tallest Building Bahria Icon Tower
0%
Longest River Chinano River
0%
Tallest Building Unicredit Tower
0%
No matching quizzes found
Score Distribution
Percent of People with Each Score
Percentile by Number Answered
Your Score History
You have not taken this quiz